Využitie metódy kalkulácie plánovaných nákladov vo firemnej praxi

Nezávislý pohľad na metódu kalkulácie plánovaných nákladov. Porovnanie s inými metódami kalkulovania nákladov. Uplatnenie vo firemenej praxi. Predpoklady uplatnenia kalkulácie plánovania nákladov. Teória a systém kalkulácie plánovaných nákladov. Stanovenie zúčtovacích sadzieb a odchýlok plánovaných...

Descrizione completa

Salvato in:
Dettagli Bibliografici
Autore principale: Serina, Pavol
Natura: Capitolo di libro
Lingua:slovacco
Soggetti:
Tags: Aggiungi Tag
Nessun Tag, puoi essere il primo ad aggiungerne!!

MARC

LEADER 00000naa$a2200000$$$4500
001 0061017
005 20240502071700.2
041 0 |a slo 
044 |a SK 
245 1 0 |a Využitie metódy kalkulácie plánovaných nákladov vo firemnej praxi  |c Pavol Serina 
520 |a Nezávislý pohľad na metódu kalkulácie plánovaných nákladov. Porovnanie s inými metódami kalkulovania nákladov. Uplatnenie vo firemenej praxi. Predpoklady uplatnenia kalkulácie plánovania nákladov. Teória a systém kalkulácie plánovaných nákladov. Stanovenie zúčtovacích sadzieb a odchýlok plánovaných nákladov. Výhody a nevýhody kalkulácie plánovaných nákladov. 
610 2 0 |a kalkulácia nákladov 
610 2 0 |a ceny 
610 2 0 |a spotreba 
610 2 0 |a firmy 
610 2 0 |a náklady 
100 1 |a Serina, Pavol